000
00204 a2200097 4500
001
4141
100
_a
H.M.S
245
_a
Examples in electrical calculation
260
_a
_b
H.M.S
_c
090
_c
3358
_d
3358
942
_a
NUST-CAE
_c
M
_c
26202
999
_c
239214
_d
239214